Top 30 : Theodora - Statistiques

Statistiques générales
  • Ce quiz a été pris 405 fois
  • Le résultat moyen est 16 sur 30
Statistiques - réponses
Top Titres Featuring % Correct
5 melodrama Disiz
93%
3 ZOU BISOU Jul
90%
1 KONGOLESE SOUS BBL Jeez Suave
85%
4 PAY! Guy2Bezbar
85%
2 FASHION DESIGNA
84%
25 #IL
80%
6 ILS ME RIENT TOUS AU NEZ
76%
11 Ils me rient tous au nez - live version Chilly Gonzales
76%
8 MON BÉBÉ brazy
68%
14 GO! Luidji
66%
7 DO U WANNA ?
61%
15 LES OISEAUX RARES Juliette Armanet
61%
9 243 km/h
59%
12 MASOKO NA MABELE Thisizlondon
51%
18 MON CASQUE
50%
13 FNG
49%
27 I WANNA
46%
20 Dis-moi je t'aime GP Explorer
45%
17 BIG BOSS LADY Jahlys
43%
28 PAPA <3
43%
19 UN MEILLEUR NOUS
38%
23 Blues d’hiver
34%
26 BOSS BABIES Bb trickz
33%
22 BAD BOY LOVESTORY
32%
21 SORRY SORRY SO
28%
16 Le Paradis se trouve dans le 93 (LPSTD93) Jeez Suave
25%
24 Entracte : Histoire d’amour, Commérages et Chardonnay
22%
10 Mademoiselle Sarz, ODUMODUBLVCK, Shallipopi, Zeina
22%
29 PETITE ABEBI Booska-P
17%
30 BESOIN D’AIDE
15%
Aucun quiz correspondant
Distribution des résultats
% des personnes avec chaque résultat
Percentile par nombre de réponses
Votre historique - résultats
Vous n’avez pas pris ce quiz